000 01015nam a22003137a 4500
003 CHAP
005 20220329140813.0
008 971013s r 00010 d
010 _a57881
011 _a58853
035 _a63009
040 _cCHAP
090 _aR-1915
100 0 0 _aSteiner, Abram A.
_9109610
245 _aApparatus for the measurement of oxygen consumption by the root system of a plant
500 _aSobretiro de: Plant and Soil 28(1):173-176, 1968
590 _aBATCH-UPD
_b10
_c20130109
_lUCH01
_h2356
590 _aBATCH-UPD
_b10
_c20130110
_lUCH01
_h2042
590 _aBATCH-UPD
_b10
_c20130409
_lUCH01
_h1929
590 _aBATCH-UPD
_b10
_c20130410
_lUCH01
_h1356
590 _aBATCH-UPD
_b10
_c20130914
_lUCH01
_h1855
590 _aCONVERSION
_b10
_c20130109
_lUCH01
_h1331
650 1 4 _aOxígeno
_xEfecto en plantas.
_984467
650 1 4 _aPlantas
_xRespiración.
_988889
650 1 4 _aRaíces
_994670
901 _aBK
942 _cREIMP
949 _aR-1915
_bBC
_cR
_d-135225
_eTS1
_i63009
_mD
_si
999 _c57881
_d57881